000 00772cab a2200229 4500
001 WB3446-25
008 090401t1998 xxu||||| |||| 00| 0 eng d
035 _a(Sirsi) u90100
041 _aeng
245 _aCall to close planning loopholes
260 _c1998
350 _a0
490 _aFinancial Times
_v2 December 1998, 13(1)
520 _aCPRE is calling for government to close planning loopholes where local authorities are allowing environmentally damaging developments to go ahead which conflict with their own planning policies.
650 _aENVIRONMENTALLY SENSITIVE AREAS
650 _aLOCAL AUTHORITIES
650 _aPLANNING LOOPHOLES
650 _aPLANNING POLICY
690 _aPLANNING LAW AND PRACTICE
942 _n0
948 _c02/12/1998
999 _c57069
_d57069